Countries that border seas - Statistics

General Stats
  • This quiz has been taken 22 times
    11 since last reset
  • The average score is 67 of 78
Answer Stats
Hint Answer % Correct
Red Djibouti
100%
Mediterranean Egypt
100%
Red Egypt
100%
Red Eritria
100%
Mediterranean Israel
100%
Red Israel
100%
Red Jordan
100%
Black Russia
100%
Caspian Russia
100%
Baltic Russia
100%
Red Saudi arabia
100%
Red Sudan
100%
Red Yemen
100%
Mediterranean Albania
88%
Mediterranean Algeria
88%
Caribbean Antigua And Barbuda
88%
North Belgium
88%
Caribbean Belize
88%
Mediterranean Bosnia and Herzegovina
88%
Black Bulgaria
88%
Caribbean Colombia
88%
Caribbean Costa Rica
88%
Mediterranean Croatia
88%
Caribbean Cuba
88%
Baltic Denmark
88%
North Denmark
88%
Caribbean Dominica
88%
Caribbean Dominican Republic
88%
Baltic Estonia
88%
Baltic Finland
88%
Mediterranean France
88%
North France
88%
Black Georgia
88%
Baltic Germany
88%
North Germany
88%
Mediterranean Greece
88%
Caribbean Grenada
88%
Caribbean Guatemala
88%
Caribbean Haiti
88%
Mediterranean Italy
88%
Caribbean Jamaica
88%
Baltic Latvia
88%
Mediterranean Lebanon
88%
Mediterranean Libya
88%
Baltic Lithuania
88%
Caribbean Mexico
88%
Mediterranean Morocco
88%
North Netherlands
88%
Caribbean Nicaragua
88%
North Norway
88%
Caribbean Panama
88%
Baltic Poland
88%
Black Romania
88%
Caribbean Saint Vincent and the Grenadines
88%
Mediterranean Spain
88%
Caribbean St lucia
88%
Baltic Sweden
88%
Mediterranean Syria
88%
Caribbean Trinidad And Tobago
88%
Mediterranean Tunisia
88%
Mediterranean Turkey
88%
Black Turkey
88%
Caribbean Uk
88%
North Uk
88%
Black Ukraine
88%
Caribbean Usa
88%
Caribbean Barbados
75%
Mediterranean Cyprus
75%
Caribbean Honduras
75%
Caspian Iran
75%
Mediterranean Malta
75%
Mediterranean Monaco
75%
Mediterranean Slovenia
75%
Caspian Turkmenistan
75%
Caribbean Venezuela
75%
Mediterranean Montenegro
63%
Caspian Kazakstan
13%
Caspian Azerbajan
0%
No matching quizzes found
Score Distribution
Percent of People with Each Score
Percentile by Number Answered
Your Score History
You have not taken this quiz since the last reset